Liedtext - Einmal um die Welt - Cro - Statistiken

Allgemein
  • Dieses Quiz wurde 1.144 mal gespielt
    1.136 seit der letzten Aktualisierung
  • Das Durchschnittsergebnis liegt bei 241 aus 314
Antwortstatistiken
Antwort % Korrekt
die
97%
um
97%
Welt
97%
ich
96%
dir
94%
Baby
92%
Hand
92%
wir
92%
Geld
91%
mehr
91%
du
90%
nie
90%
deine
89%
fliegen
89%
mach
89%
mir
89%
nur
89%
Sorgen
89%
bitte
88%
ein
88%
morgen
88%
es
87%
Gib
87%
kauf
87%
und
87%
Und
87%
ab
85%
den
85%
hier
85%
Will
85%
will
85%
nicht
84%
gefällt
83%
wenn
83%
an
81%
Hau
81%
wieder
81%
Egal
80%
in
79%
L.A.
79%
sofort
79%
willst
79%
als
78%
hab
78%
wohin
78%
mit
77%
Mit
77%
der
76%
Denn
75%
heute
75%
das
74%
ganz
73%
komm
73%
ob
73%
Sie
73%
sie
73%
einmal
72%
für
71%
noch
71%
oder
71%
shoppen
71%
zu
71%
New York
70%
schön
70%
leb
69%
nach
69%
pack
69%
wäre
69%
Also
68%
also
68%
einem
68%
was
68%
Zahnbürste
68%
bist
67%
ganze
67%
von
67%
jeden
66%
Ort
66%
Paris
66%
tot
66%
toppen
65%
Wand
65%
direkt
64%
Hawaii
64%
Safe
64%
auf
63%
baden
63%
ist
63%
London
63%
über
63%
Brot
62%
fahren
62%
Könn'n
62%
Tag
62%
Wunsch
61%
Frühstück
60%
haben
60%
Handkuss
60%
tun
60%
viel
60%
werf
60%
Babe
59%
Bord
59%
erfüll
59%
geh'n
59%
Leben
59%
nem
59%
Schloss
59%
danach
58%
meinem
58%
daheim
57%
durch
57%
ganzes
57%
Jackpot
57%
Nord
57%
Schuhe
57%
tragen
57%
West
57%
dann
56%
lang
56%
Laufe
56%
Pelz
56%
wirklich
56%
davon
55%
schnell
55%
American
54%
Express
54%
gleich
54%
woll'n
54%
Gucci
53%
schwarze
53%
zwar
53%
Champagner
52%
Designerschuhe
52%
Park
51%
jetzt
50%
Lacoste
50%
Kein
49%
nen
49%
Schampus
49%
Kaviar
48%
halt
46%
kann
46%
Yeah
46%
Mietwagen
45%
wollte
45%
doch
44%
kaufen
44%
Ost
43%
sich
43%
hatte
42%
Problem
42%
Kreditkarten
41%
meinen
41%
Prada
41%
schaukeln
39%
fahr'n
31%
Manolo Blahnik
11%
Keine übereinstimmenden Quizze gefunden
Verteilung der Resultate
Anzahl Personen mit jedem Resultat
Perzentil nach korrekt beantworteten Fragen
Ihre Resultats-Entwicklung
Sie haben dieses Quiz seit der letzten Aktualisierung nicht gespielt